LEADER 01200nam a2200253 i 4500 001 000000251088 003 CaOOAMICUS 005 20160906000000.0 008 160906s1873 it u000 u fre u 013 $a229993 040 $aSeMil$bita 100 1 $aGarnier, Joseph.$0(OLS)http://semarc/name/67776 245 10$aTraité d'économie politique, sociale ou industrielle :$bexposé didactique des principes et des applications de cette science ... /$cpar m. Joseph Garnier. 250 $a7. éd. revue et augmentée. 260 $aParis :$bGuillaumin et Cie,$c1873. 260 $aParis :$bGarnier frères,$c1873. 300 $aXVI, 784 p. ;$c19 cm. 650 4$aEconomia politica.$0(OLS)http://semarc/subject/5038 850 $aSeMil 852 $aSeMil$W1$xVenegono$y1$m3M I 64 FA$j201434$B201434$CSeMilBibl$Z2$F213314 $8I 961 $aRecupero: Altro 996 $6245$aTraité d'économie politique, sociale ou industrielle :$bexposé didactique des principes et des applications de cette science ...$9(OLS)http://semarc/title/353224 996 $6260$aParis :$bGarnier frères$9(OLS)http://semarc/publisher/33256 996 $6260$aParis :$bGuillaumin et Cie$9(OLS)http://semarc/publisher/31340 LEADER 00946nam a2200193 i 4500 001 000000252847 003 CaOOAMICUS 005 20170209000000.0 008 170209s1795 it u000 u lat u 013 $a231752 040 $aSeMil$bita 245 10$aPars 2. Libri 3. 300 $aXII, [1] p., P. 370-744, [4] carte di tav. ripieg. 500 $aVignetta calcogr. sul front. - Iniz., testate calcogr. disegnate da P.G. Stambucchi. - Segn.: pg6 A-3A4. 773 0 $tEcclesiae mediolanensis historia ligustica in romanam gothicam langobardicam tribus libris distributa ... accedit corollarium usque ad Theodori 2. Mediolanensis antistitis et Liutprandi regis tempora productum.$dMediolani : Ex Galeatiorum typographio, 1795.$g2$w()5809 850 $aSeMil 852 $aSeMil$W1$xVenegono$y1$m3O V 10 FA$j203193$B203193$CSeMilBibl$Z2$F215906 $8I 961 $aRecupero: Mantegazza 996 $6245$aPars 2. Libri 3$9(OLS)http://semarc/title/410203